Normal view
MARC view
Entry Personal Name
001 - CONTROL NUMBER
- control field: 24196
003 - CONTROL NUMBER IDENTIFIER
- control field: OSt
005 - DATE AND TIME OF LATEST TRANSACTION
- control field: 20230524201429.0
008 - FIXED-LENGTH DATA ELEMENTS
- fixed length control field: 230524|| aca||aabn | a|a d
040 ## - CATALOGING SOURCE
- Original cataloging agency: OSt
- Transcribing agency: OSt
100 ## - HEADING--PERSONAL NAME
- Personal name: " P.Kamaraj , P.Ranganathan,,,"
670 ## - SOURCE DATA FOUND
- Source citation: Work cat.: (OSt)35714: R.Ravi 24195, Interactive Physics Vol-2, 2000
